000 00783nam a22001937a 4500
999 _c61030
_d61030
005 20231208163618.0
008 231208s1973 ru ||||| |||| 00| 0 rus d
041 _arus
080 _a930.1 Б-70
100 _aБлок, Марк
_920635
245 _aАпология истории, или Ремесло историка /
_cМарк Блок.
264 _aМосква :
_bНаука,
_c 1973.
300 _a232 с.;
_b23 см.
440 _aпамятники исторической мысли
_920636
521 _aპარალ სათ.ფრანგ. ენაზე.
653 _aისტორიის აპოლოგია, ანუ ისტორიკოსის ხელობა
653 _aისტორია
942 _2udc
_cᲬᲘᲒᲜᲘ